Unique Classic TV Show Phrases Quiz Stats

Quiz Updated Oct 25, 2014

Challenge
Share
Tweet
Score 0/20 Timer 05:00
7 Plays Today
% Correct
your final answer
96.9%
faster than a speeding bullet
92.8%
a dimension not only of sight and sound
86.7%
non-elimination leg
83.4%
immunity idol
82.4%
straight to the moon
77.9%
the agony of defeat
77.2%
a really big show
75.7%
two wild and crazy guys
74.9%
nothing wrong with your television set
72.5%
% Correct
just one more thing
70%
the prime directive
66%
we have to go back
65.9%
something completely different
65.2%
master of your domain
64.4%
the cone of silence
58.2%
your moment of Zen
56.9%
tastes just like candy
55.3%
your sweet bippy
54.3%
the big bad
44.7%

You're not logged in!

Compare scores with friends on all Sporcle quizzes.
Join for Free
OR
Log In

You Might Also Like...

Show Comments

Extras

Top Quizzes Today


Score Distribution

Your Account Isn't Verified!

In order to create a playlist on Sporcle, you need to verify the email address you used during registration. Go to your Sporcle Settings to finish the process.

Report this User

Report this user for behavior that violates our Community Guidelines.

Details: